15 BIGGEST CITIES IN ARAGÓN - Statistics

General Stats
  • This quiz has been taken 69 times
  • The average score is 10 of 15
Answer Stats
Pop. Answer % Correct
674.725 Zaragoza
100%
52.443 Huesca
96%
35.288 Teruel
91%
13.299 Jaca
79%
20.837 Calatayud
75%
17.306 Ejea de los Caballeros
65%
17.085 Barbastro
63%
16.420 Alcañiz
60%
18.204 Utebo
60%
17.215 Monzón
58%
11.121 Tarazona
54%
14.426 Fraga
51%
10.345 Sabiñánigo
51%
9.464 Cuarte de Huerva
40%
9.871 Caspe
35%
No matching quizzes found
Score Distribution
Percent of People with Each Score
Percentile by Number Answered
Your Score History
You have not taken this quiz